000 02061cab a2200253 4500
001 ##L133965
008 060626n2006 000 0 eng u
035 _a(Sirsi) u133965
041 0 _aeng
245 0 0 _aSharon Griffiths v St Helens Council
260 _c2006
520 _a[2006] EWCA Civ 160, 7 March 2006. Considers the effects of the amendments to the Housing Act 1996 s193 by the Homelessness Act 2002. Appeal by G against a decision that H's duty to provide accommodation for G under s193(2) of the 1996 Act had ceased under s193(5) of the Act because of her refusal of an offer of an assured shorthold tenancy of suitable accommodation from a private landlord secured for her by H. G submitted that the amendments made to s193 of the Act by the 2002 Act had removed assured shorthold tenancies entirely for the possible ambit ofs193(5) of the 1996 Act so that refusal by a homeless person of an offer by a private landlord of an assured shorthold tenancy could never be sufficient to bring to end H's duty under s193(2) of the Act. "Held": appeal dismissed. The duty of a local housing authority under s193(2) of the 1996 Act did not require that permanent accommodation was available for an applicant but was to secure suitable accommodation that could be temporary. S193(5) was capable of embracing an offer of temporary accommodation. The 2002 amendments did not implicitly remove the refusal of an offer of an assured shorthold tenancy from a private landlord for the possible ambit of s193(5).
590 _aKA
650 2 4 _aASSURED SHORTHOLD TENANCIES
650 2 4 _aGRIFFITHS V ST HELENS COUNCIL
650 2 4 _aHOUSING ACT 1996 S193(5)
650 2 4 _aHOUSING ACT 1996 S193(7B)
650 2 4 _aHOMELESSNESS ACT 2002
650 2 4 _aHOUSING ACT 1996 S193(2)
651 4 _aEngland and Wales
_y1543-
690 _aPROPERTY-RESIDENTIAL PROPERTY-RESIDENTIAL LANDLORD AND TENANT-RESIDENTIAL TENANCIES
856 4 0 _uhttps://www.bailii.org/ew/cases/EWCA/Civ/2006/160.html
_zView the judgment free of charge at www.bailii.org...
942 _n0
999 _c77291
_d77291